000 00457nam a22001457a 4500
005 20260116105400.0
008 260116b |||||||| |||| 00| 0 eng d
020 _a9781305866799
100 _aCoronel Carlos & Morris Steven
245 _aDatabase Systems: Design, Implementation and Management
_c/Carlos Coronel
250 _a12th ed
260 _aUnited States of America;
_bCengage Learning;
_c2017.
300 _axxiii; 791p.;
_c28.1cm
942 _2lcc
_n0
_cBK
999 _c126
_d126